000 00955nam a22002057a 4500
005 20240307153435.0
010 _aHIN-126989
020 _a9788196548353
_c250.00
035 _aHN-99335
037 _bDBAD/PUB
082 _a954
100 _aसहस्रबुद्धे,उपेंद्रे विनायक
_962955
245 _aभारत ही अखण्ड भारत है/
_cउपेंद्रे विनायक सहस्रबुद्धे
250 _a1
260 _a वाराणसी
_bबुक शेल्फ
_c2023
270 _aदुकान न. 17, विश्वनाथ मंदिर, बी०एच०यू०
_bवाराणसी
_e221005
300 _a80पृष्ठ;
_c21सेमी(अजिल्द)
700 _aउपेन्द्र विनायक सहस्त्रबुद्धे
_962956
942 _cHN
_2ddc
_h954
_mसहस्र
999 _c201130
_d201130